<?xml version="1.0" encoding="UTF-8"?>
<record
    xmlns:xsi="http://www.w3.org/2001/XMLSchema-instance"
    xsi:schemaLocation="http://www.loc.gov/MARC21/slim http://www.loc.gov/standards/marcxml/schema/MARC21slim.xsd"
    xmlns="http://www.loc.gov/MARC21/slim">

  <leader>00605nam a22002057i 4500</leader>
  <controlfield tag="001">5993</controlfield>
  <controlfield tag="003">OSt</controlfield>
  <controlfield tag="005">20181119124230.0</controlfield>
  <controlfield tag="007">tu</controlfield>
  <controlfield tag="008">161220s1999    xxu||||| |||| 00| 0     d</controlfield>
  <datafield tag="020" ind1=" " ind2=" ">
    <subfield code="a">3930963515</subfield>
  </datafield>
  <datafield tag="024" ind1="7" ind2=" ">
    <subfield code="a">5993</subfield>
    <subfield code="2">RID</subfield>
  </datafield>
  <datafield tag="024" ind1="7" ind2=" ">
    <subfield code="a">5993</subfield>
    <subfield code="2">RSN (alt)</subfield>
  </datafield>
  <datafield tag="040" ind1=" " ind2=" ">
    <subfield code="c">OSt</subfield>
  </datafield>
  <datafield tag="245" ind1="0" ind2="0">
    <subfield code="a">Gesamtwirtschaftliche und unternehmerische Anpassungsfortschritte in Ostdeutschland</subfield>
    <subfield code="b">Neunzehnter Bericht</subfield>
  </datafield>
  <datafield tag="260" ind1=" " ind2=" ">
    <subfield code="a">Halle :</subfield>
    <subfield code="b">Institut f&#xFC;r Wirtschaftsforschung Halle IWH,</subfield>
    <subfield code="c">1999.</subfield>
  </datafield>
  <datafield tag="490" ind1=" " ind2=" ">
    <subfield code="a">IWH Forschungsreihe</subfield>
    <subfield code="v">5</subfield>
  </datafield>
  <datafield tag="110" ind1="2" ind2=" ">
    <subfield code="a">Institut f&#xFC;r Wirtschaftsforschung Halle IWH</subfield>
  </datafield>
  <datafield tag="942" ind1=" " ind2=" ">
    <subfield code="c">P</subfield>
  </datafield>
  <datafield tag="999" ind1=" " ind2=" ">
    <subfield code="c">5682</subfield>
    <subfield code="d">5682</subfield>
  </datafield>
  <datafield tag="952" ind1=" " ind2=" ">
    <subfield code="0">0</subfield>
    <subfield code="1">0</subfield>
    <subfield code="4">0</subfield>
    <subfield code="7">0</subfield>
    <subfield code="a">BIB</subfield>
    <subfield code="b">BIB</subfield>
    <subfield code="c">1</subfield>
    <subfield code="d">2004-08-04</subfield>
    <subfield code="i">5993</subfield>
    <subfield code="l">0</subfield>
    <subfield code="p">10001431</subfield>
    <subfield code="r">2017-01-26 00:00:00</subfield>
    <subfield code="w">2017-01-26</subfield>
    <subfield code="y">P</subfield>
  </datafield>
</record>
